[Event "Turniej Niepodleglosci 2023"]
[Site "Warsaw POL"]
[Date "2023.11.11"]
[Round "5.4"]
[White "Piorun, Kacper"]
[Black "Przedmojski, Rafal"]
[Result "1-0"]
[WhiteElo "2502"]
[BlackElo "2240"]
[PlyCount "105"]

1.d4 Nf6 2.Nf3 e6 3.e3 b6 4.Bd3 Bb7 5.O-O c5 6.c4 Be7 7.Nc3 cxd4 8.exd4 d5 
9.cxd5 Nxd5 10.Ne5 O-O 11.Qg4 Nf6 12.Qh3 Nc6 13.Bg5 h6 14.Bxh6 gxh6 15.Rae1 
Qxd4 16.Nxc6 Bxc6 17.Re3 Ng4 18.Ne2 Qg7 19.Rg3 f5 20.Nf4 Bd7 21.f3 e5 22.Nd5 
Bc5+ 23.Kh1 f4 24.Rxg4 Bxg4 25.fxg4 Rad8 26.Be4 Rd6 27.Qf3 Bd4 28.h4 Rfd8 
29.Rc1 Qf7 30.Rc7 R6d7 31.Rxd7 Rxd7 32.b4 Kg7 33.Kh2 a5 34.b5 Qe6 35.a4 Rd8 
36.Nc7 Qd6 37.Nd5 Rc8 38.Bd3 Rc5 39.Be4 Rc1 40.Qd3 Bg1+ 41.Kh3 Bc5 42.Kh2 Bg1+ 
43.Kh3 Bc5 44.Kh2 Qd8 45.g3 fxg3+ 46.Qxg3 Bd4 47.g5 hxg5 48.Qg4 Rf1 49.Qh5 Qh8 
50.Qxg5+ Kf8 51.Qd8+ Kg7 52.Qe7+ Kg8 53.Nf4 1-0

[Event "Turniej Niepodleglosci 2023"]
[Site "Warsaw POL"]
[Date "2023.11.11"]
[Round "5.5"]
[White "Heberla, Bartlomiej"]
[Black "Bartel, Michal"]
[Result "1-0"]
[WhiteElo "2481"]
[BlackElo "2220"]
[PlyCount "61"]

1.d4 e6 2.e4 d5 3.e5 c5 4.c3 Bd7 5.Nf3 Qb6 6.Na3 Ne7 7.Bd3 Ng6 8.h4 cxd4 9.cxd4 
Bb4+ 10.Kf1 h6 11.h5 Nf8 12.Nc2 Be7 13.Rh3 f5 14.exf6 Bxf6 15.Bf4 Nc6 16.Rg3 
O-O-O 17.b4 Be8 18.b5 Ne7 19.Ne3 Bxb5 20.Rb1 Bxd3+ 21.Qxd3 Qa5 22.Ng4 Nd7 
23.Nge5 Bxe5 24.Nxe5 Nxe5 25.Bxe5 Nf5 26.Qc2+ Kd7 27.Rxb7+ Ke8 28.Qc6+ Kf8 
29.Bxg7+ Nxg7 30.Rgxg7 Qa6+ 31.Qxa6 1-0

[Event "Turniej Niepodleglosci 2023"]
[Site "Warsaw POL"]
[Date "2023.11.11"]
[Round "5.6"]
[White "Krasenkow, Michal"]
[Black "Chomczyk, Marek"]
[Result "1-0"]
[WhiteElo "2435"]
[BlackElo "2211"]
[PlyCount "55"]

1.d4 Nf6 2.c4 c5 3.d5 b5 4.Nf3 b4 5.b3 g6 6.Bb2 Bg7 7.Nbd2 d6 8.e4 e5 9.dxe6 
Bxe6 10.Bd3 O-O 11.O-O Nc6 12.Re1 Nd7 13.Bxg7 Kxg7 14.Nf1 Nde5 15.Ne3 Nxf3+ 
16.Qxf3 a5 17.Qg3 a4 18.f4 axb3 19.axb3 Rxa1 20.Rxa1 Qf6 21.Ra6 Bd7 22.Nd5 Qd4+ 
23.Qe3 Rc8 24.Qxd4+ Nxd4 25.Rxd6 Be8 26.Nxb4 Rb8 27.Na6 Rc8 28.Nxc5 1-0

[Event "Turniej Niepodleglosci 2023"]
[Site "Warsaw POL"]
[Date "2023.11.11"]
[Round "5.7"]
[White "Zochowski, Kacper"]
[Black "Kanarek, Marcel"]
[Result "1/2-1/2"]
[WhiteElo "2183"]
[BlackElo "2396"]
[PlyCount "69"]

1.Nf3 Nf6 2.g3 g6 3.b3 Bg7 4.Bb2 O-O 5.c4 c5 6.Bg2 d6 7.d4 Ne4 8.O-O Nc6 9.Nbd2 
Bf5 10.Nh4 Nxd2 11.Qxd2 Nxd4 12.Nxf5 Nxf5 13.Bxg7 Nxg7 14.Bxb7 Rb8 15.Bg2 Qb6 
16.Bh3 Qb4 17.Qe3 Rb7 18.f4 a5 19.f5 a4 20.f6 exf6 21.Rxf6 axb3 22.axb3 Re8 
23.Qf3 Rbe7 24.Rf1 Qb7 25.Rxd6 Qxf3 26.exf3 Re3 27.Rc6 Ne6 28.Bxe6 R8xe6 
29.Rxc5 Rxb3 30.Rf2 Rc3 31.f4 Re4 32.Rc8+ Kg7 33.c5 Rec4 34.f5 Rxc5 35.Rxc5 1/2-1/2

[Event "Turniej Niepodleglosci 2023"]
[Site "Warsaw POL"]
[Date "2023.11.11"]
[Round "5.8"]
[White "Czernek, Tymon"]
[Black "Gdanski, Jacek"]
[Result "1-0"]
[WhiteElo "2180"]
[BlackElo "2356"]
[PlyCount "121"]

1.e4 e6 2.d4 d5 3.Nc3 Bb4 4.e5 Ne7 5.a3 Bxc3+ 6.bxc3 c5 7.Qg4 O-O 8.Bd3 Nbc6 
9.Nf3 f5 10.exf6 Rxf6 11.Qh5 g6 12.Qh4 Nf5 13.Bxf5 Rxf5 14.Ng5 Qe7 15.O-O Bd7 
16.Rb1 Rb8 17.Re1 b6 18.Qg3 cxd4 19.cxd4 Rbf8 20.c3 Rxf2 21.Qxf2 Rxf2 22.Kxf2 
e5 23.Kg1 e4 24.Nf3 Qf6 25.Ne5 Nxe5 26.dxe5 Qxe5 27.Bd2 h5 28.Rb4 h4 29.Rd4 h3 
30.Be3 Bb5 31.Bf2 hxg2 32.Re3 Qh5 33.Kxg2 Be2 34.Rg3 Bf3+ 35.Kg1 Qh6 36.Kf1 
Qc1+ 37.Be1 Qb2 38.Bd2 Qb5+ 39.Kg1 Kf7 40.a4 Qe2 41.h4 e3 42.Rf4+ Ke7 43.Rfxf3 
exd2 44.Re3+ Kd6 45.Rxg6+ Kc5 46.Rxe2 d1=Q+ 47.Kf2 Qxa4 48.Kg3 Qb3 49.Re3 Qd1 
50.Rg5 a5 51.Re8 Qg1+ 52.Kf4 Qh2+ 53.Kg4 Qg2+ 54.Kf5 Qh3+ 55.Rg4 a4 56.Kg5 a3 
57.Rc8+ Kd6 58.Rd8+ Kc6 59.Ra8 Qe3+ 60.Rf4 Qxc3 61.Rc8+ 1-0

[Event "Turniej Niepodleglosci 2023"]
[Site "Warsaw POL"]
[Date "2023.11.11"]
[Round "5.9"]
[White "Mulawa, Cyprian"]
[Black "Mis, Mieszko"]
[Result "1-0"]
[WhiteElo "2170"]
[BlackElo "2321"]
[PlyCount "137"]

1.d4 Nf6 2.c4 e6 3.Nf3 Bb4+ 4.Bd2 Qe7 5.e3 Bxd2+ 6.Qxd2 d6 7.Nc3 e5 8.dxe5 dxe5 
9.Nd5 Nxd5 10.cxd5 O-O 11.Rc1 Rd8 12.Qc3 Rxd5 13.Bc4 Rd8 14.Nxe5 Be6 15.Bxe6 
Qxe6 16.Qxc7 Na6 17.Qxb7 Rab8 18.Qc6 Rd6 19.Qc3 Nb4 20.O-O Nxa2 21.Qc7 Rbd8 
22.Nc6 Nxc1 23.Nxd8 Ne2+ 24.Kh1 Qd7 25.Qxd7 Rxd7 26.Nc6 Rc7 27.Rd1 g6 28.Rd6 
Nc1 29.b4 Nd3 30.Rxd3 Rxc6 31.g3 Rc2 32.Kg2 Rb2 33.Rd4 Kg7 34.h4 h5 35.Kf3 Kf6 
36.e4 Ke6 37.Ke3 Ra2 38.Rd5 Ra3+ 39.Kf4 Ra4 40.Rb5 Kf6 41.Rb7 Ra2 42.f3 Ra3 
43.Rb5 Ra4 44.g4 hxg4 45.fxg4 Ra1 46.e5+ Kg7 47.Rb7 Kg8 48.Kg5 Re1 49.Kh6 Kf8 
50.Rb8+ Ke7 51.Kg7 Rxe5 52.Rb7+ Ke8 53.Rxf7 Re4 54.g5 Rxb4 55.Rxa7 Rxh4 56.Kxg6 
Kf8 57.Ra8+ Ke7 58.Kg7 Rh1 59.g6 Rf1 60.Ra4 Ke6 61.Kg8 Kf6 62.g7 Rb1 63.Rf4+ 
Kg6 64.Rg4+ Kf6 65.Rg2 Ra1 66.Rh2 Ra7 67.Kh8 Rxg7 68.Rf2+ Kg6 69.Rg2+ 1-0

[Event "Turniej Niepodleglosci 2023"]
[Site "Warsaw POL"]
[Date "2023.11.11"]
[Round "5.12"]
[White "Kuzmicz, Krystian"]
[Black "Chylewski, Patryk"]
[Result "1-0"]
[WhiteElo "2359"]
[BlackElo "2173"]
[PlyCount "57"]

1.e4 e5 2.Nc3 Nf6 3.d4 d6 4.Nf3 Nbd7 5.Rg1 c6 6.g4 h6 7.h4 g6 8.g5 hxg5 9.hxg5 
Nh5 10.Be3 Bg7 11.Qd2 exd4 12.Nxd4 Nc5 13.O-O-O Qe7 14.Bg2 Ne6 15.f4 Nhxf4 
16.Nf5 gxf5 17.exf5 Bxc3 18.bxc3 Nxg2 19.Rxg2 d5 20.g6 fxg6 21.fxe6 Bxe6 22.Kb2 
O-O-O 23.Bg5 Qc5 24.Bxd8 Rxd8 25.Rxg6 d4 26.cxd4 Qc4 27.Qa5 a6 28.Rf6 Rxd4 
29.Rf8+ 1-0

[Event "Turniej Niepodleglosci 2023"]
[Site "Warsaw POL"]
[Date "2023.11.11"]
[Round "5.13"]
[White "Fistek, Dariusz"]
[Black "Pacan-milej, Kosma"]
[Result "1/2-1/2"]
[WhiteElo "2043"]
[BlackElo "2232"]
[PlyCount "80"]

1.d4 Nf6 2.c4 g6 3.Nc3 Bg7 4.g3 O-O 5.Bg2 d6 6.Nf3 c6 7.O-O Bf5 8.Nh4 Be6 9.d5 
cxd5 10.cxd5 Bd7 11.Nf3 Na6 12.Nd4 Qa5 13.Bf4 Rac8 14.Rc1 Qb4 15.Qd2 Ng4 
16.Rfd1 Rc4 17.a3 Qb6 18.e3 Rfc8 19.Bf1 R4c7 20.Ndb5 Bxc3 21.Nxc3 Nc5 22.Qe2 
Nf6 23.Bg2 Nb3 24.Rb1 Bg4 25.Bf3 Bxf3 26.Qxf3 Rxc3 27.bxc3 Nd2 28.Rxd2 Qxb1+ 
29.Kg2 Rxc3 30.Bg5 Ne4 31.Rd1 Nxg5 32.Rxb1 Nxf3 33.Kxf3 b6 34.a4 Rc5 35.Rb5 Kg7 
36.e4 f5 37.Rb4 Kf6 38.exf5 gxf5 39.Rh4 Kg6 40.Rd4 a6 1/2-1/2

[Event "Turniej Niepodleglosci 2023"]
[Site "Warsaw POL"]
[Date "2023.11.11"]
[Round "5.15"]
[White "Janeczko, Jakub"]
[Black "Krawczyk, Flawian"]
[Result "0-1"]
[WhiteElo "2013"]
[BlackElo "2116"]
[PlyCount "68"]

1.e4 c6 2.d3 d5 3.Nd2 g6 4.g3 Bg7 5.Bg2 e5 6.Ngf3 Ne7 7.O-O O-O 8.Re1 Bg4 9.h3 
Bxf3 10.Nxf3 Nd7 11.c3 h6 12.Qe2 f5 13.exf5 gxf5 14.Nh4 Qe8 15.Bf3 Kh7 16.Bh5 
Qd8 17.f4 e4 18.d4 Nf6 19.Be3 Nxh5 20.Qxh5 Qe8 21.Qxe8 Rd8 22.Qxf8 Rxf8 23.Kh2 
Nc8 24.Rg1 Nd6 25.b3 Bf6 26.Ng2 h5 27.Ne1 Nb5 28.Rc1 c5 29.a4 cxd4 30.axb5 dxe3 
31.Ng2 e2 32.Ne3 d4 33.Nc4 d3 34.Ra1 Bxc3 0-1

[Event "Turniej Niepodleglosci 2023"]
[Site "Warsaw POL"]
[Date "2023.11.11"]
[Round "5.16"]
[White "Smieszek, Wojciech"]
[Black "Putlak, Wojciech"]
[Result "1-0"]
[WhiteElo "2089"]
[BlackElo "1909"]
[PlyCount "59"]

1.d4 e6 2.e4 d5 3.Bd3 dxe4 4.Bxe4 Nf6 5.Bf3 Be7 6.Ne2 O-O 7.O-O c5 8.Be3 cxd4 
9.Nxd4 a6 10.Nc3 Nbd7 11.Qe2 Ne5 12.Rad1 Nxf3+ 13.Qxf3 Qc7 14.Rfe1 Rd8 15.Bf4 
Bd6 16.Ndb5 axb5 17.Nxb5 Bxf4 18.Nxc7 Bxc7 19.Qc3 Rxd1 20.Rxd1 Bb6 21.Qb4 Nd5 
22.Qxb6 g6 23.Qd8+ Kg7 24.c4 Nf6 25.h3 b5 26.cxb5 Bb7 27.Qc7 Bd5 28.b6 Rxa2 
29.b7 Rxb2 30.b8=Q 1-0

[Event "Turniej Niepodleglosci 2023"]
[Site "Warsaw POL"]
[Date "2023.11.11"]
[Round "5.20"]
[White "Dalkowski, Rafal"]
[Black "Redzisz, Michal"]
[Result "1-0"]
[WhiteElo "2008"]
[BlackElo "2122"]
[PlyCount "87"]

1.d4 d5 2.c4 e6 3.Nc3 Nf6 4.Nf3 Bb4 5.Bg5 h6 6.Bxf6 Qxf6 7.e3 O-O 8.a3 Bxc3+ 
9.bxc3 c5 10.Bd3 dxc4 11.Bxc4 b6 12.O-O Ba6 13.Bxa6 Nxa6 14.Qe2 Nc7 15.Ne5 Rfc8 
16.a4 cxd4 17.cxd4 Nd5 18.a5 Qd8 19.Qa6 Nc3 20.axb6 Qxb6 21.g4 f6 22.Nd3 Qc6 
23.Nc5 e5 24.Qc4+ Nd5 25.Ra6 Qd7 26.h3 Qf7 27.Rfa1 exd4 28.exd4 Rc7 29.Qb3 Re8 
30.Qf3 Nb4 31.R6a4 Nc2 32.Rc1 Ne1 33.Qg3 Qd5 34.Ra3 Rce7 35.Qb3 Qxb3 36.Rxb3 a5 
37.Kf1 Re2 38.d5 Nc2 39.d6 Re1+ 40.Rxe1 Rxe1+ 41.Kg2 Rd1 42.d7 Kf7 43.Rb8 Ke7 
44.Re8+ 1-0

[Event "Turniej Niepodleglosci 2023"]
[Site "Warsaw POL"]
[Date "2023.11.11"]
[Round "6.1"]
[White "Baum, Jonasz"]
[Black "Cukrowski, Filip"]
[Result "1-0"]
[WhiteElo "2323"]
[BlackElo "2298"]
[PlyCount "85"]

1.d4 Nf6 2.c4 e6 3.Nc3 d5 4.cxd5 exd5 5.Bg5 Bb4 6.Qa4+ Nc6 7.Nf3 h6 8.Bxf6 Qxf6 
9.e3 O-O 10.Rc1 a6 11.a3 Bxc3+ 12.Rxc3 Qg6 13.Qd1 Be6 14.h4 f5 15.h5 Qf6 16.Rh4 
Qe7 17.g3 Qd6 18.Qc1 Bd7 19.Rc5 Kh8 20.Bg2 Rae8 21.Kf1 Re4 22.Rh1 Ree8 23.Nh4 
Ne7 24.Rxc7 Rc8 25.Rxc8 Rxc8 26.Qd2 Ba4 27.Bf3 Rc2 28.Qa5 Bb5+ 29.Kg2 b6 30.Qe1 
Rxb2 31.Qc3 Ra2 32.Nxf5 Nxf5 33.Qc8+ Be8 34.Qxe8+ Kh7 35.Rh3 Rxa3 36.g4 Ne7 
37.g5 hxg5 38.h6 gxh6 39.Qf7+ Kh8 40.Qf8+ Kh7 41.Qf7+ Kh8 42.Bg4 Rc3 43.Be6 1-0

[Event "Turniej Niepodleglosci 2023"]
[Site "Warsaw POL"]
[Date "2023.11.11"]
[Round "6.2"]
[White "Eggink, Ryszard"]
[Black "Golubka, Petro"]
[Result "1/2-1/2"]
[WhiteElo "2283"]
[BlackElo "2390"]
[PlyCount "62"]

1.d4 d5 2.c4 e6 3.Nf3 a6 4.cxd5 exd5 5.Nc3 c6 6.Bg5 Be7 7.Bxe7 Nxe7 8.e3 Nd7 
9.Bd3 Nf6 10.O-O Bf5 11.Ne5 Bxd3 12.Qxd3 O-O 13.a4 a5 14.Rab1 Qd6 15.f4 Nd7 
16.b4 axb4 17.Nxd7 Qxd7 18.Rxb4 Nf5 19.e4 dxe4 20.Nxe4 Rfe8 21.Nc5 Qd5 22.Qb3 
Nxd4 23.Qxd5 Ne2+ 24.Kf2 cxd5 25.Re1 b6 26.Nd7 Nc3 27.Rxe8+ Rxe8 28.Nxb6 Nd1+ 
29.Kf1 Ne3+ 30.Kf2 Nd1+ 31.Kf1 Ne3+ 1/2-1/2

[Event "Turniej Niepodleglosci 2023"]
[Site "Warsaw POL"]
[Date "2023.11.11"]
[Round "6.3"]
[White "Szustakowski, Antoni"]
[Black "Piorun, Kacper"]
[Result "0-1"]
[WhiteElo "2256"]
[BlackElo "2502"]
[PlyCount "115"]

1.d4 Nf6 2.c4 g6 3.Nc3 Bg7 4.e4 O-O 5.Be2 d6 6.Bg5 Nc6 7.d5 Nb8 8.Nf3 Bg4 9.O-O 
Nfd7 10.Qd2 Re8 11.Rfe1 Na6 12.h3 Bxf3 13.Bxf3 Ne5 14.Be2 c6 15.Be3 Nd7 16.dxc6 
bxc6 17.f4 Qa5 18.e5 Ndc5 19.Bf3 Rac8 20.exd6 exd6 21.Bd4 Qb6 22.Bxg7 Nd3+ 
23.Kh2 Nxe1 24.Rxe1 Kxg7 25.Rxe8 Rxe8 26.Qxd6 Re6 27.Qd2 Qc5 28.a3 Nc7 29.Qd3 
Qd6 30.Qxd6 Rxd6 31.Ne4 Rd4 32.c5 Ne6 33.b4 a5 34.Ng5 Rxf4 35.Nxe6+ fxe6 
36.bxa5 Ra4 37.Bxc6 Rxa5 38.Bd7 Kf6 39.c6 Ke7 40.Kg3 Rxa3+ 41.Kg4 Ra5 42.g3 Rc5 
43.h4 Kf6 44.Kf4 Rc4+ 45.Ke3 Ke5 46.g4 Kd6 47.h5 gxh5 48.gxh5 h6 49.Kd3 Rxc6 
50.Bxc6 Kxc6 51.Kc4 e5 52.Kd3 Kd5 53.Ke3 Ke6 54.Ke4 Kf6 55.Ke3 Kg5 56.Ke4 Kxh5 
57.Kxe5 Kg4 58.Kd4 0-1

[Event "Turniej Niepodleglosci 2023"]
[Site "Warsaw POL"]
[Date "2023.11.11"]
[Round "6.4"]
[White "Nguyen, Piotr"]
[Black "Heberla, Bartlomiej"]
[Result "0-1"]
[WhiteElo "2275"]
[BlackElo "2481"]
[PlyCount "79"]

1.c4 e6 2.g3 d5 3.Bg2 d4 4.Nf3 c5 5.e3 Nc6 6.exd4 cxd4 7.O-O Nf6 8.d3 Bd6 9.Bg5 
h6 10.Bxf6 Qxf6 11.a3 a5 12.Nbd2 Qe7 13.Re1 O-O 14.Nb3 Qf6 15.c5 Bc7 16.Rc1 Rd8 
17.Nfd2 Qe7 18.Nc4 Bd7 19.Qh5 a4 20.Nbd2 Na5 21.Ne5 Bxe5 22.Qxe5 Bc6 23.Ne4 Nb3 
24.Rc4 Rd5 25.Qf4 Rad8 26.h4 Rf5 27.Qg4 h5 28.Qd1 Nxc5 29.Nxc5 Rxc5 30.Bxc6 
Rxc4 31.dxc4 bxc6 32.Qxa4 Qc5 33.Rd1 d3 34.Qb3 Qd4 35.Rd2 e5 36.c5 e4 37.Kg2 e3 
38.fxe3 Qxe3 39.Qc3 Rd4 40.Rf2 0-1

[Event "Turniej Niepodleglosci 2023"]
[Site "Warsaw POL"]
[Date "2023.11.11"]
[Round "6.5"]
[White "Czernek, Tymon"]
[Black "Krasenkow, Michal"]
[Result "0-1"]
[WhiteElo "2180"]
[BlackElo "2435"]
[PlyCount "101"]

1.e4 g6 2.d4 Bg7 3.Nc3 d6 4.Be3 Nf6 5.Be2 O-O 6.f4 e5 7.fxe5 dxe5 8.d5 c6 9.Nf3 
cxd5 10.exd5 e4 11.Ng5 h6 12.Nh3 Bxh3 13.gxh3 Nbd7 14.Qd2 Nb6 15.d6 Rc8 
16.O-O-O Kh7 17.Rhf1 Nc4 18.Bxc4 Rxc4 19.Kb1 Qd7 20.Bd4 Qe6 21.Qe2 Nd7 22.Bxg7 
Kxg7 23.Nb5 Rc5 24.Nd4 Qe5 25.c4 f5 26.Nb3 Rcc8 27.Rd5 Qf6 28.c5 b6 29.Qb5 Nxc5 
30.d7 Rc7 31.Nd4 Rd8 32.b4 Rcxd7 33.Rxd7+ Rxd7 34.bxc5 Qxd4 35.c6 Rd5 36.Qb3 
Qd3+ 37.Qxd3 exd3 38.Rd1 Rb5+ 39.Ka1 Rc5 40.Rxd3 Rxc6 41.Rd7+ Kf6 42.Rxa7 f4 
43.Kb2 Kg5 44.Rf7 Rf6 45.h4+ Kf5 46.Rxf6+ Kxf6 47.Kc3 Kf5 48.Kd3 Kg4 49.Ke4 b5 
50.a3 h5 51.Kd4 0-1

[Event "Turniej Niepodleglosci 2023"]
[Site "Warsaw POL"]
[Date "2023.11.11"]
[Round "6.6"]
[White "Kanarek, Marcel"]
[Black "Mulawa, Cyprian"]
[Result "1-0"]
[WhiteElo "2396"]
[BlackElo "2170"]
[PlyCount "97"]

1.e4 c5 2.Nf3 d6 3.d4 Nf6 4.Nc3 cxd4 5.Nxd4 a6 6.Rg1 e5 7.Nb3 h5 8.Bg5 Be7 
9.Qd2 Be6 10.O-O-O Nbd7 11.f4 b5 12.Bd3 Qc7 13.Kb1 b4 14.Nd5 Bxd5 15.exd5 a5 
16.fxe5 dxe5 17.Bb5 Ne4 18.Qd3 Nxg5 19.d6 Bxd6 20.Qxd6 Qxd6 21.Rxd6 O-O-O 
22.Nxa5 Nb8 23.Rgd1 Rxd6 24.Rxd6 Rd8 25.Rxd8+ Kxd8 26.Nc4 e4 27.Kc1 h4 28.Kd2 
h3 29.gxh3 Nxh3 30.Nd6 Ng5 31.Ke3 Nf3 32.h3 Ng5 33.h4 Nf3 34.h5 Ke7 35.Nxe4 Ne5 
36.a4 bxa3 37.bxa3 f5 38.Kf4 Ng4 39.Ng3 Nf2 40.Nxf5+ Kf6 41.Ng3 Nd1 42.a4 Nc3 
43.Ne4+ Nxe4 44.Kxe4 Kg5 45.Ke5 Kxh5 46.Kd6 g5 47.Kc7 g4 48.Kxb8 g3 49.Bc6 1-0

[Event "Turniej Niepodleglosci 2023"]
[Site "Warsaw POL"]
[Date "2023.11.11"]
[Round "6.7"]
[White "Jakubowski, Krzysztof"]
[Black "Zochowski, Kacper"]
[Result "1-0"]
[WhiteElo "2367"]
[BlackElo "2183"]
[PlyCount "95"]

1.c4 g6 2.d4 Bg7 3.e4 d6 4.Ne2 c5 5.d5 Nh6 6.Nec3 f5 7.h4 fxe4 8.Nxe4 Bf5 9.Bd3 
Nf7 10.g4 Bxe4 11.Bxe4 Qb6 12.Qb3 Ne5 13.g5 Na6 14.f4 Nd7 15.Qxb6 axb6 16.Na3 
Nb4 17.h5 gxh5 18.Rxh5 h6 19.Nb5 Rxa2 20.Nc7+ Kf7 21.g6+ Kg8 22.Rxa2 Nxa2 
23.Bf5 Nf8 24.Kd1 Bd4 25.Ne8 Nb4 26.b3 b5 27.Bd2 bxc4 28.bxc4 b5 29.Rh3 Bg7 
30.cxb5 Nxd5 31.Ra3 e6 32.Be4 c4 33.Nxd6 c3 34.Bc1 h5 35.Nf7 h4 36.Nxh8 Kxh8 
37.f5 Nb6 38.Ra6 exf5 39.Bxf5 Nd5 40.Ra8 Nb6 41.Rb8 Nc4 42.b6 Nxb6 43.Rxb6 Bd4 
44.Rb4 Bf2 45.Bh6 Kg8 46.Rb8 Bc5 47.Be6+ Kh8 48.Bxf8 1-0

[Event "Turniej Niepodleglosci 2023"]
[Site "Warsaw POL"]
[Date "2023.11.11"]
[Round "6.8"]
[White "Fishchuk, Vladyslav"]
[Black "Kuzmicz, Krystian"]
[Result "0-1"]
[WhiteElo "2144"]
[BlackElo "2359"]
[PlyCount "108"]

1.Nc3 c5 2.Nf3 Nc6 3.d4 cxd4 4.Nxd4 Nf6 5.Bg5 e6 6.Qd3 Be7 7.O-O-O h6 8.Bf4 d5 
9.e4 O-O 10.exd5 Nxd5 11.Nxd5 Qxd5 12.Nxc6 bxc6 13.Kb1 Bf6 14.Be2 e5 15.Bc1 Be6 
16.c4 Qa5 17.g4 Rab8 18.h4 e4 19.Qc2 Rb7 20.b3 Rfb8 21.Bb2 Bxb2 22.Kxb2 Qc5 
23.Qxe4 a5 24.Qd4 Qe7 25.g5 h5 26.g6 a4 27.gxf7+ Qxf7 28.Rhg1 axb3 29.a3 Rd7 
30.Qe3 Qf6+ 31.Qc3 Qxc3+ 32.Kxc3 Rf7 33.f3 Rf4 34.Rb1 Rxh4 35.Rxb3 Rxb3+ 
36.Kxb3 Rh2 37.Bd3 h4 38.a4 Rd2 39.Be4 Rd4 40.Rc1 h3 41.a5 h2 42.Kb4 Rxc4+ 
43.Rxc4 Bxc4 44.Kxc4 h1=Q 45.Bxc6 Kf8 46.a6 Qg1 47.Kb5 Ke7 48.Be4 Kd6 49.Bb7 
Qc5+ 50.Ka4 g5 51.Kb3 Ke5 52.Ka4 Kd4 53.Kb3 Qc3+ 54.Ka2 Qb4 0-1

[Event "Turniej Niepodleglosci 2023"]
[Site "Warsaw POL"]
[Date "2023.11.11"]
[Round "6.9"]
[White "Kokoszczynski, Jan"]
[Black "Smieszek, Wojciech"]
[Result "1-0"]
[WhiteElo "2257"]
[BlackElo "2089"]
[PlyCount "105"]

1.d4 Nf6 2.Nf3 c5 3.d5 e6 4.Nc3 b5 5.Nxb5 Nxd5 6.e4 Ba6 7.exd5 Bxb5 8.c4 Ba6 
9.Be2 Be7 10.O-O O-O 11.Be3 d6 12.dxe6 fxe6 13.Qd2 d5 14.Rad1 d4 15.Bf4 Nc6 
16.Rfe1 Bd6 17.Bxd6 Qxd6 18.Bd3 Rf6 19.Ng5 Rh6 20.h3 Rf8 21.b3 e5 22.Be4 Nd8 
23.Qd3 Bc8 24.Bxh7+ Kh8 25.Be4 Ne6 26.Nxe6 Bxe6 27.Qg3 Bf5 28.Bxf5 Rxf5 29.Re4 
Rg6 30.Rg4 Rxg4 31.Qxg4 Qf6 32.Rd2 Qf8 33.f3 Qf6 34.Qe4 Qg5 35.Re2 Qf6 36.Qa8+ 
Kh7 37.Qe4 Kh8 38.Kh2 Rg5 39.g4 Rg6 40.Kg2 Rg5 41.Qa8+ Kh7 42.Qe4+ Kh8 43.h4 
Rg6 44.Qxe5 Qb6 45.Qe8+ Kh7 46.Qe4 Kh8 47.h5 Rf6 48.Qe8+ Kh7 49.Qe4+ Kh8 
50.Qa8+ Kh7 51.Re8 Kh6 52.Qd5 Kh7 53.g5 1-0

[Event "Turniej Niepodleglosci 2023"]
[Site "Warsaw POL"]
[Date "2023.11.11"]
[Round "6.10"]
[White "Pacan-milej, Kosma"]
[Black "Kubicka, Anna"]
[Result "1-0"]
[WhiteElo "2232"]
[BlackElo "2122"]
[PlyCount "109"]

1.d4 Nf6 2.c4 e6 3.Nc3 Bb4 4.e3 O-O 5.Bd3 d6 6.Ne2 c5 7.O-O Nc6 8.a3 Bxc3 
9.bxc3 e5 10.d5 e4 11.dxc6 exd3 12.Qxd3 bxc6 13.e4 Qe7 14.Ng3 Qe6 15.Bf4 d5 
16.e5 Nd7 17.Rfe1 Nb6 18.cxd5 cxd5 19.Rad1 Qc6 20.Qf3 Bd7 21.Bg5 Qe6 22.h3 Rac8 
23.Nh5 Qg6 24.Be7 Rfe8 25.Nf4 Qh6 26.Bd6 Be6 27.Nd3 Nd7 28.Nf4 Nb6 29.Nd3 Nd7 
30.a4 Qg6 31.Nf4 Qh6 32.Nxd5 Bxd5 33.Qxd5 Nb6 34.Qe4 Qe6 35.a5 Nc4 36.Qd5 Nxa5 
37.Qxe6 fxe6 38.Ra1 Nc6 39.Bxc5 Rc7 40.Bd6 Rb7 41.c4 a5 42.c5 Ra8 43.f4 g6 
44.g4 a4 45.f5 gxf5 46.gxf5 Kf7 47.Kh1 a3 48.f6 Rb3 49.Rg1 Rxh3+ 50.Kg2 Rb3 
51.Kf2 Rg8 52.Rxg8 Kxg8 53.Rg1+ Kf7 54.Rg7+ Ke8 55.f7+ 1-0

[Event "Turniej Niepodleglosci 2023"]
[Site "Warsaw POL"]
[Date "2023.11.11"]
[Round "6.11"]
[White "Krawczyk, Flawian"]
[Black "Przedmojski, Rafal"]
[Result "1-0"]
[WhiteElo "2116"]
[BlackElo "2240"]
[PlyCount "152"]

1.d4 Nf6 2.c4 e6 3.Nf3 b6 4.g3 Bb7 5.Bg2 Be7 6.O-O O-O 7.d5 Na6 8.Nc3 Bb4 9.Ne1 
Bxc3 10.bxc3 Nc5 11.Nd3 Nce4 12.f3 Nd6 13.c5 Nc4 14.dxe6 dxe6 15.Qa4 Na5 16.Be3 
Qe8 17.Qxe8 Rfxe8 18.Bf2 Nc4 19.e4 e5 20.Rfd1 Rad8 21.Nb4 a5 22.Nc2 Nd7 23.Bf1 
Ba6 24.cxb6 Ndxb6 25.Rab1 f6 26.h4 Rd2 27.Rxb6 Rxd1 28.Rxa6 Nd2 29.Ne3 Ra1 
30.Rxa5 Rb8 31.Kg2 Nxf1 32.Nxf1 Rb2 33.Ra8+ Kf7 34.Ra7 Raxa2 35.Rxa2 Rxa2 
36.Ne3 c6 37.f4 Ke6 38.Kf3 h5 39.c4 Ra3 40.Kg2 Rb3 41.c5 Rb4 42.Kf3 Rb3 43.f5+ 
Kd7 44.g4 hxg4+ 45.Kxg4 Rb4 46.Kf3 Ke8 47.Nd1 Rb3+ 48.Be3 Kf7 49.h5 Kg8 50.Ke2 
Kf7 51.Kd2 Rb8 52.Kc2 Rh8 53.Nb2 Rxh5 54.Nc4 Rh8 55.Na5 Rc8 56.Kc3 g6 57.Nc4 
Kg7 58.fxg6 Kxg6 59.Kb4 Rb8+ 60.Kc3 Ra8 61.Nd6 Ra3+ 62.Kd2 Ra4 63.Ke2 Ra3 
64.Nf5 Kf7 65.Kd2 Ke6 66.Ke2 Kf7 67.Kf3 Ke6 68.Ke2 Kf7 69.Kf3 Ra2 70.Ng3 Ke6 
71.Nf5 Kd7 72.Ng3 Ra8 73.Nf5 Rg8 74.Ke2 Rg2+ 75.Kf3 Rc2 76.Ng3 Ke6 1-0

[Event "Turniej Niepodleglosci 2023"]
[Site "Warsaw POL"]
[Date "2023.11.11"]
[Round "6.12"]
[White "Gdanski, Jacek"]
[Black "Goraj, Barbara"]
[Result "1-0"]
[WhiteElo "2356"]
[BlackElo "2022"]
[PlyCount "67"]

1.e4 c6 2.d4 d5 3.exd5 cxd5 4.c4 Nf6 5.Nc3 Nc6 6.Bg5 e6 7.Nf3 Be7 8.c5 O-O 
9.Bb5 Bd7 10.O-O b6 11.Bxc6 Bxc6 12.Ne5 Rc8 13.b4 bxc5 14.bxc5 Nd7 15.Bxe7 Qxe7 
16.Nxc6 Rxc6 17.Qa4 Rcc8 18.Qxa7 Ra8 19.Qc7 Rfc8 20.Qg3 e5 21.Nxd5 Qe6 22.Qf3 
Ra4 23.c6 Rxc6 24.Ne7+ Qxe7 25.Qxc6 Rxd4 26.Rfd1 h5 27.Rxd4 exd4 28.Qd5 Ne5 
29.a4 d3 30.Rd1 Qf6 31.a5 h4 32.h3 Ng6 33.Rxd3 Nf4 34.Qd8+ 1-0

[Event "Turniej Niepodleglosci 2023"]
[Site "Warsaw POL"]
[Date "2023.11.11"]
[Round "6.13"]
[White "Mis, Mieszko"]
[Black "Dalkowski, Rafal"]
[Result "1-0"]
[WhiteElo "2321"]
[BlackElo "2008"]
[PlyCount "73"]

1.Nf3 d5 2.c4 e6 3.g3 Nf6 4.Bg2 Bd6 5.O-O O-O 6.d4 c6 7.Qc2 a6 8.Nbd2 b5 9.b3 
Nbd7 10.e4 dxe4 11.Ng5 Bb7 12.Ngxe4 Be7 13.Bb2 Qc7 14.Rad1 c5 15.dxc5 Nxe4 
16.Nxe4 Nxc5 17.Qc3 f6 18.Nxc5 Bxg2 19.Nxe6 Qb7 20.Rfe1 Rfc8 21.Nf4 Bc6 22.Qe3 
Bb4 23.Bc3 Re8 24.Qd2 Bf8 25.Nd5 bxc4 26.bxc4 Qf7 27.Bb4 Rxe1+ 28.Qxe1 Re8 
29.Qd2 Ba8 30.Bxf8 Qxf8 31.Nc7 Rc8 32.Nxa8 Rxa8 33.Qd5+ Kh8 34.c5 Rc8 35.c6 Qe7 
36.Qd7 Qxd7 37.cxd7 1-0

[Event "Turniej Niepodleglosci 2023"]
[Site "Warsaw POL"]
[Date "2023.11.11"]
[Round "6.14"]
[White "Barchuk, Irina"]
[Black "Bartel, Michal"]
[Result "0-1"]
[WhiteElo "2034"]
[BlackElo "2220"]
[PlyCount "60"]

1.e4 e5 2.Nf3 Nc6 3.d4 exd4 4.Bc4 Bc5 5.O-O d6 6.c3 dxc3 7.Nxc3 Nf6 8.Bg5 h6 
9.Bh4 Bg4 10.Qb3 Bxf3 11.gxf3 g5 12.Bg3 Nd4 13.Qxb7 Rb8 14.Qa6 O-O 15.f4 Rxb2 
16.e5 Rb6 17.Qa4 Rb4 18.Qa6 Nh5 19.Nd5 gxf4 20.Nxb4 fxg3 21.hxg3 Bxb4 22.exd6 
cxd6 23.Qxa7 Bc5 24.Qb7 Qf6 25.Qe4 Nf3+ 26.Kg2 Nd2 27.Qg4+ Ng7 28.Rfd1 Qf4 
29.Kh3 Qxf2 30.Qf3 Nxf3 0-1

[Event "Turniej Niepodleglosci 2023"]
[Site "Warsaw POL"]
[Date "2023.11.11"]
[Round "6.15"]
[White "Chomczyk, Marek"]
[Black "Jarocka, Liwia"]
[Result "1-0"]
[WhiteElo "2211"]
[BlackElo "1975"]
[PlyCount "91"]

1.c4 e5 2.g3 Nf6 3.Bg2 Nc6 4.Nc3 Bb4 5.Nd5 Nxd5 6.cxd5 Ne7 7.Nf3 Bd6 8.O-O Nxd5 
9.e4 Ne7 10.d4 exd4 11.Qxd4 O-O 12.e5 Nc6 13.Qe4 Be7 14.h4 d5 15.exd6 Qxd6 
16.Ng5 Bxg5 17.hxg5 Qe6 18.Bf4 Qxe4 19.Bxe4 Re8 20.Rfe1 Be6 21.a3 Rac8 22.Rac1 
Bd7 23.b4 a6 24.f3 g6 25.Kf2 Re6 26.Bd5 Rxe1 27.Rxe1 Kf8 28.Rh1 Kg8 29.Rd1 Be8 
30.Be4 b5 31.Rc1 Nd4 32.Bb7 Rb8 33.Rxc7 Ne6 34.Rc8 Rxc8 35.Bxc8 Nxf4 36.gxf4 
Kf8 37.Ke3 Ke7 38.Kd4 Kd6 39.f5 Kc7 40.fxg6 hxg6 41.Bxa6 Kb6 42.Bc8 Bc6 43.f4 
Bf3 44.Bd7 Bd1 45.Be8 Bb3 46.Ke5 1-0

[Event "Turniej Niepodleglosci 2023"]
[Site "Warsaw POL"]
[Date "2023.11.11"]
[Round "6.16"]
[White "Chylewski, Patryk"]
[Black "Klim, Filip"]
[Result "1/2-1/2"]
[WhiteElo "2173"]
[BlackElo "1898"]
[PlyCount "129"]

1.e4 e5 2.Nf3 Nc6 3.d4 exd4 4.Bc4 Nf6 5.e5 d5 6.Bb5 Ne4 7.Nxd4 Bc5 8.Be3 Bd7 
9.Bxc6 bxc6 10.f3 Qh4+ 11.g3 Nxg3 12.Bf2 f6 13.e6 Bxe6 14.c3 Bd6 15.Nxe6 Qh3 
16.Bxg3 Bxg3+ 17.Kd2 Bd6 18.Nd4 c5 19.Ne2 Qxf3 20.Ng3 Qf4+ 21.Kc2 d4 22.Rf1 Qh4 
23.Qh5+ Qxh5 24.Nxh5 Kf7 25.Ng3 h5 26.Rf2 Rae8 27.Nd2 h4 28.Nge4 Re5 29.Nxd6+ 
cxd6 30.cxd4 cxd4 31.Kd3 Rb5 32.b3 g5 33.Kxd4 Kg6 34.Raf1 f5 35.Nc4 Rd8 36.a4 
Rxb3 37.Rxf5 Rb4 38.Rd5 Rxa4 39.Kd3 Ra2 40.h3 Rh2 41.Rf3 Rh1 42.Kd2 Rh2+ 43.Kc3 
Kh5 44.Rxd6 Rxd6 45.Nxd6 g4 46.Rf5+ Kg6 47.hxg4 Rg2 48.Rf4 h3 49.Rf1 h2 50.Rh1 
Kg5 51.Nc4 Kf4 52.Kd3 Kg3 53.Ne3 Rg1 54.Nf1+ Kg2 55.Rxh2+ Kxf1 56.Rh4 Kf2 
57.Ke4 a5 58.Kf5 a4 59.g5 a3 60.Ra4 Rg3 61.g6 Ke2 62.Kf6 Kd2 63.g7 Kc2 64.Rxa3 
Rg1 65.Ra5 1/2-1/2